The noble scholar, jurist, historian


 His Excellency Dr. Abdul Wahhab bin Ibrahim Abu Sulaiman, may Allah have mercy on him.


 He was born in Umm Al-Qura in the year 1356 AH.

الصحيح في فضائل القرآن وسوره وآياته / (Record no. 1922)

MARC details
000 -LEADER
fixed length control field 02106cam a2200337 i 4500
003 - CONTROL NUMBER IDENTIFIER
control field SA-RiAUC
005 - DATE AND TIME OF LATEST TRANSACTION
control field 20241030093936.0
008 - FIXED-LENGTH DATA ELEMENTS--GENERAL INFORMATION
fixed length control field 241030s2009 ts g f001 0 ara c
024 0# - OTHER STANDARD IDENTIFIER
Standard number or code 00000000827636
024 0# - OTHER STANDARD IDENTIFIER
Standard number or code 00000000829343
040 ## - CATALOGING SOURCE
Original cataloging agency AE-DuMBRL
Language of cataloging ara
Transcribing agency SA-RiAUC
Description conventions rda
050 #4 - LIBRARY OF CONGRESS CALL NUMBER
Item number .H36 2009
082 04 - DEWEY DECIMAL CLASSIFICATION NUMBER
Classification number 229.2
Assigning agency SA-RiAUC
090 ## - LOCALLY ASSIGNED LC-TYPE CALL NUMBER (OCLC); LOCAL CALL NUMBER (RLIN)
Classification number (OCLC) (R) ; Classification number, CALL (RLIN) (NR) 229.2
Local cutter number (OCLC) ; Book number/undivided call number, CALL (RLIN) ح م ا
100 1# - MAIN ENTRY--PERSONAL NAME
Personal name حمادة، فاروق،
Dates associated with a name 1949-
Relator term مؤلف.
245 12 - TITLE STATEMENT
Title الصحيح في فضائل القرآن وسوره وآياته /
Statement of responsibility, etc. تأليف الأستاذ الدكتور فاروق حمادة.
250 ## - EDITION STATEMENT
Edition statement الطبعة الأولى.
264 #1 - PRODUCTION, PUBLICATION, DISTRIBUTION, MANUFACTURE, AND COPYRIGHT NOTICE
Place of production, publication, distribution, manufacture دبي، الإمارات العربية المتحدة :
Name of producer, publisher, distributor, manufacturer جائزة دبي الدولية للقرآن الكريم،
Date of production, publication, distribution, manufacture, or copyright notice 2009.
300 ## - PHYSICAL DESCRIPTION
Extent 319 صفحة ؛
Dimensions 25 × 18 سم.
336 ## - CONTENT TYPE
Content type term نص
Content type code txt
Source rdacontent
Materials specified كتاب
337 ## - MEDIA TYPE
Media type term بدون وسيط
Media type code n
Source rdamedia
338 ## - CARRIER TYPE
Carrier type term مجلد
Carrier type code nc
Source rdacarrier
490 0# - SERIES STATEMENT
Series statement سلسلة الدراسات القرآنية
500 ## - GENERAL NOTE
General note يشتمل على كشافات.
520 ## - SUMMARY, ETC.
Summary, etc. لقد كان القرآن الكريم على الدوام محور فكرة الأمة، ومنطلق نظرتها إلى الدنيا والحياة، وهو منطلق حياة الصحابة والهدي النبوي مناط تفكيرهم، ومسرح أبصارهم وأنظارهم في تفهم هذا الكتاب الكريم، والنبي صلى الله عليه وسلم أعلم الناس بربه، وأعلم الناس بدلالات كتابه وآياته، وغايات نزوله، ومقاصد تلاوته وقراءته ومدارسته، وكان من سنته عليه الصلاة والسلام وهديه الشريف أن خص بعض السور والآيات بالقراءة والتلاوة على مسامع الصحابة في مواقف معينة يكررها المرة بعد المرة.
630 27 - SUBJECT ADDED ENTRY--UNIFORM TITLE
Uniform title القرآن
General subdivision فضائل
Source of heading or term aucut
630 27 - SUBJECT ADDED ENTRY--UNIFORM TITLE
Uniform title القرآن
General subdivision سور وآيات
Source of heading or term aucut
730 22 - ADDED ENTRY--UNIFORM TITLE
Uniform title القرآن
942 ## - ADDED ENTRY ELEMENTS (KOHA)
Source of classification or shelving scheme Dewey Decimal Classification
Koha item type Books
949 ## - LOCAL PROCESSING INFORMATION (OCLC)
a SA-JeALM
d 241030
u khaled123
n 1
Holdings
Withdrawn status Lost status Source of classification or shelving scheme Damaged status Not for loan Home library Current library Date acquired Total checkouts Full call number Barcode Date last seen Price effective from Koha item type
    Dewey Decimal Classification     DR AbdElwahab Library DR AbdElwahab Library 10/30/2024   229.2 ح م ا 000002783 10/30/2024 10/30/2024 Books
    Dewey Decimal Classification     DR AbdElwahab Library DR AbdElwahab Library 10/30/2024   229.2 ح م ا 000002784 10/30/2024 10/30/2024 Books